Applied photovoltaics / (Record no. 355217)
[ view plain ]
| 000 -LEADER | |
|---|---|
| fixed length control field | 01892cam a22003614a 4500 |
| 001 - CONTROL NUMBER | |
| control field | 15259255 |
| 003 - CONTROL NUMBER IDENTIFIER | |
| control field | Nust- CAS-E |
| 005 - DATE AND TIME OF LATEST TRANSACTION | |
| control field | 20180118181353.0 |
| 008 - FIXED-LENGTH DATA ELEMENTS--GENERAL INFORMATION | |
| fixed length control field | 080412s2007 enka b 001 0 eng c |
| 010 ## - LIBRARY OF CONGRESS CONTROL NUMBER | |
| LC control number | 2008273139 |
| 015 ## - NATIONAL BIBLIOGRAPHY NUMBER | |
| National bibliography number | GBA682496 |
| Source | bnb |
| 016 7# - NATIONAL BIBLIOGRAPHIC AGENCY CONTROL NUMBER | |
| Record control number | 013563392 |
| Source | Uk |
| 020 ## - INTERNATIONAL STANDARD BOOK NUMBER | |
| International Standard Book Number | 9781849714013 |
| 035 ## - SYSTEM CONTROL NUMBER | |
| System control number | (OCoLC)ocm71808676 |
| 040 ## - CATALOGING SOURCE | |
| Original cataloging agency | UKM |
| Transcribing agency | UKM |
| Modifying agency | BAKER |
| -- | YDXCP |
| -- | BWKUK |
| -- | UMC |
| -- | BTCTA |
| -- | IQU |
| -- | DLC |
| 042 ## - AUTHENTICATION CODE | |
| Authentication code | pcc |
| 050 00 - LIBRARY OF CONGRESS CALL NUMBER | |
| Classification number | TK1087 |
| Item number | .A685 2007 |
| 082 00 - DEWEY DECIMAL CLASSIFICATION NUMBER | |
| Classification number | 621.319 |
| Edition number | 2 |
| Author Mark | SOL 2011 |
| 100 ## - MAIN ENTRY--PERSONAL NAME | |
| Relator code | Wenham, S.R |
| 245 00 - TITLE STATEMENT | |
| Title | Applied photovoltaics / |
| Statement of responsibility, etc. | S.R. Wenham ... [et al.]. |
| 250 ## - EDITION STATEMENT | |
| Edition statement | 2nd ed. |
| 260 ## - PUBLICATION, DISTRIBUTION, ETC. | |
| Place of publication, distribution, etc. | London ; |
| -- | Sterling, VA : |
| Name of publisher, distributor, etc. | Earthscan, |
| Date of publication, distribution, etc. | c2007. |
| 300 ## - PHYSICAL DESCRIPTION | |
| Extent | xii, 323 p. : |
| Other physical details | ill. ; |
| Dimensions | 25 cm. |
| 502 ## - DISSERTATION NOTE | |
| Dissertation note | etc. |
| 504 ## - BIBLIOGRAPHY, ETC. NOTE | |
| Bibliography, etc. note | Includes bibliographical references and index. |
| 505 0# - FORMATTED CONTENTS NOTE | |
| Formatted contents note | The characteristics of sunlight -- Semiconductors and P-N junctions -- The behavior of solar cells -- Cell properties and design -- PV cell interconnection and module fabrication -- Stand-alone photovoltaic system components -- Designing stand-alone photovoltaic systems -- Specific purpose photovoltaic applications -- Remote area power supply systems -- Grid-connected photovoltaic systems -- Photovoltaic water pumping system components -- PV water pumping system design -- Standard AM0 and AM1.5 spectra -- Equations for calculating sun position -- Characteristic days and declinations -- Some insolation data sources -- Standards -- Alternative sources of power for water pumping -- Stand-alone photovoltaic system design -- System design for PV-powered water pumping. |
| 650 #0 - SUBJECT ADDED ENTRY--TOPICAL TERM | |
| Topical term or geographic name entry element | Photovoltaic power generation. |
| 650 #0 - SUBJECT ADDED ENTRY--TOPICAL TERM | |
| Topical term or geographic name entry element | Photovoltaic cells. |
| 700 1# - ADDED ENTRY--PERSONAL NAME | |
| Personal name | Wenham, S. R. |
| Fuller form of name | (Stuart R.) |
| 906 ## - LOCAL DATA ELEMENT F, LDF (RLIN) | |
| a | 7 |
| b | cbc |
| c | pccadap |
| d | 2 |
| e | ncip |
| f | 20 |
| g | y-gencatlg |
| 942 ## - ADDED ENTRY ELEMENTS (KOHA) | |
| Source of classification or shelving scheme | |
| Koha item type | Book |
| Withdrawn status | Lost status | Source of classification or shelving scheme | Damaged status | Not for loan | Permanent Location | Current Location | Shelving location | Date acquired | Source of acquisition | Total Checkouts | Full call number | Barcode | Date last seen | Cost, replacement price | Price effective from | Koha item type | Date last checked out |
|---|---|---|---|---|---|---|---|---|---|---|---|---|---|---|---|---|---|
| US-Pakistan Center for Advanced Studies in Energy (USPCAS-E) | US-Pakistan Center for Advanced Studies in Energy (USPCAS-E) | General Stacks | 10/04/2013 | Victoria co | 621.31244 APP 2007 | CAS-E0000071 | 02/13/2014 | 14496.00 | 01/23/2017 | Book | |||||||
| US-Pakistan Center for Advanced Studies in Energy (USPCAS-E) | US-Pakistan Center for Advanced Studies in Energy (USPCAS-E) | 04/10/2013 | 1 | 621.319 SOL 2011 | CAS-E0000024 | 01/12/2017 | 04/10/2013 | Book | 01/12/2017 |
